| 000 | 00956nam a2200289 a 4500 | ||
|---|---|---|---|
| 001 | 25001 | ||
| 003 | CO-ViMGA | ||
| 008 | 141112s2004 ck r 000 u spa d | ||
| 020 | _a9789583033278 | ||
| 040 |
_aCO-ViMGA _bspa _cCO-ViMGA |
||
| 041 | _aSPA | ||
| 082 | 0 | 4 | _a599.5 B14 |
| 245 | 1 | 0 |
_aBallenas y delfines / _ctraducción Julio Caycedo Ponce de León |
| 250 | _a1a ed. | ||
| 260 |
_aBogotá : _bPanAméricana, _c2012 |
||
| 300 | _a32 p. ; il. ; col. | ||
| 490 | _aLa enciclopedia de los animales | ||
| 500 | _aTítulo original de la obra : Whales & dolphins ; Incluye glosario | ||
| 650 | 1 | 4 |
_aANIMALES ACUATICOS _937918 |
| 650 | 1 | 4 |
_aBALLENAS - ALIMENTACION Y ALIMENTOS _937919 |
| 650 | 1 | 4 |
_aBALLENAS - CLASIFICACION _937920 |
| 650 | 1 | 4 |
_aBALLENAS - HABITOS Y CONDUCTA _937921 |
| 650 | 1 | 4 |
_aDELFINES - HABITOS Y CONDUCTA _937922 |
| 650 | 1 | 4 |
_aDESDE LOS 9 AÑOS _933 |
| 700 | 1 |
_aCaycedo Ponce de León, Julio _937923 |
|
| 942 |
_2ddc _cBK |
||
| 999 |
_c2485 _d2485 |
||